Allemagne - Tout les joueurs depuis 2010 - Statistiques

Statistiques générales
  • Ce quiz a été pris 90 fois
    17 depuis la dernière actualisation
  • Le résultat moyen est 73 sur 149
Statistiques - réponses
Période
De Sélection
Joueur Clubs Nombre
De Sélections
Poste % Correct
2004 - 2016 BastianSchweinsteiger Bayern Munich - Manchester United - Chicago Fire 121 M
100%
2004 - 2017 LukasPodolski Cologne - Bayern Munich - Cologne - Arsenal - Inter - Galatasaray - Vissel Kobe - Antalyaspor - Gornik Zabrze 130 A
100%
2009 - 2024 ManuelNeuer Schalke 04 - Bayern Munich 124 G
100%
2009 - 2018 MesutOzil Schalke 04 - Werder Breme - Real Madrid - Arsenal - Fenerbahce - Istanbul Basaksehir 92 M
100%
1999 - 2010 MichaelBallack Fc Kaiserslautern - Bayer Leverkusen - Bayern Munich - Chelsea - Bayer Leverkusen 98 M
100%
2001 - 2014 Miroslav Klose Fc Kaiserslautern - Werder Breme - Bayern Munich - Lazio 137 A
100%
2004 - 2014 PhilippLahm Bayern Munich - Stuttgart - Bayern Munich 113 D
100%
2010 - 2024 ToniKroos Bayern Munich - Bayer Leverkusen - Bayern Munich - Real Madrid 114 M
100%
2011 - 2024 IlkayGundogan Nuremberg - Borussia Dortmund - Manchester City - Barcelone - Manchester City - Galatasaray 82 M
91%
2009 - 2018 JeromeBoateng Herta Berlin - Hambourg - Manchester City - Bayern Munich - Ol - Salernitana - Lask Linz 76 D
91%
2016 - JoshuaKimmich Rb Leipzig - Stuttgart - Bayern Munich 106 D/M
91%
2012 - 2022 JulianDraxler Schalke 04 - Wolfsburg - PSG - Benfica - Al Ahli 58 M/A
91%
2018 - KaiHavertz Bayer Leverkusen - Chelsea - Arsenal 55 M/A
91%
2014 - LeonGoretzka Bochum - Schalke 04 - Bayern Munich 67 M
91%
2015 - LeroySane Schalke 04 - Manchester City - Bayern Munich - Galatasaray 72 A
91%
2012 - Marc - AndréTer Stegen Borussia Monchengladbach - Barcelone 44 G
91%
2011 - 2021 MarcoReus Rot Weiss Ahlen - Borussia Monchengladbach - Borussia Dortmund - Los Angeles Galaxy 48 M
91%
2010 - 2023 MarioGotze Borussia Dortmund - Bayern Munich - Borussia Dortmund - Psv - Eintracht Frankfurt 66 M
91%
2010 - 2023 MatsHummels Bayern Munich - Borussia Dortmund - Bayern Munich - Borussia Dortmund - Roma 78 D
91%
2013 - 2013 NicolaiMuller Greuther Furth - Sv Sandhausen - Greuther Furth - Mayence - Hambourg - Eintracht Frankfurt - Hannover - Western Syndey - Central Coast 3 A
91%
2009 - 2018 SamiKhedira Stuttgart - Real Madrid - Juventus - Herta Berlin 77 M
91%
2016 - SergeGnabry Arsenal - West Bromwich - Werder Breme - Bayern Munich 57 A
91%
2010 - 2024 Thomas Muller Bayern Munich - Vancouver Whitecaps 131 M/A
91%
2017 - 2023 TimoWerner Stuttgart - Rb Leipzig - Chelsea - Rb Leipzig - Tottenham - Rb Leipzig 57 A
91%
2014 - AntonioRudiger Stuttgart - Roma - Chelsea - Real Madrid 81 D
82%
2015 - EmreCan Bayern Munich - Bayer Leverkusen - Liverpool - Juventus - Borussia Dortmund 48 M
82%
2025 - NickWoltemade Werder Breme - Elversberg - Werder Breme - Stuttgart - Newcastle 8 A
82%
2022 - Niclas Fullkrug Werder Breme - Greuther Furth - Nuremberg - Hannover - Werder Breme - Borussia Dortmund - West Ham 24 A
82%
2004 - 2014 PerMertesacker Hannovre - Werder Breme - Arsenal 104 D
82%
2024 - AlexanderNubel Paderborn - Schalke 04 - Bayern Munich - Monaco - Stuttgart 2 G
73%
2010 - 2017 AndreSchurrle Mayence - Bayer Leverkusen - Chelsea - Wolfsburg - Borussia Dortmund - Fulham - Spartak Moscou 57 A
73%
2011 - 2017 BenediktHowedes Schalke 04 - Juventus - Lokomotiv Moscou 44 D
73%
2021 - Jamal Musiala Bayern Munich 40 M
73%
2016 - JonathanTah Hambourg - Fortuna Dusseldorf - Bayer Leverkusen - Bayern Munich 43 D
73%
2017 - 2023 KevinTrapp Fc Kaiserslautern - Eintracht Frankfurt - Psg - Eintracht Frankfurt - Paris Fc 9 G
73%
2023 - MalickThiaw Schalke 04 - Milan - Newcastle 5 D
73%
2007 - 2018 MarioGomez Stuttgart - Bayern Munich - Fiorentina - Besiktas - Wolfsburg - Stuttgart 78 A
73%
2022 - NicoSchlotterbeck Fribourg - Union Berlin - Fribourg - Borussia Dortmund 23 D
73%
2016 - 2023 NiklasSule Hoffenheim - Bayern Munich - Borussia Dortmund 49 D
73%
2018 - ThiloKehrer Schalke 04 - Psg - West Ham - Monaco 28 D
73%
2016 - BenjaminHenrichs Bayer Leverkusen - Monaco - Rb Leipzig 19 D
64%
2021 - DavidRaum Greuther Furth - Hoffenheim - Rb Leipzig 34 D
64%
2024 - DenisUndav Tsv Havelse - Eintracht Braunschweig 2 - Sv Meppen - Union Saint Gillloise - Brighton - Stuttgart 6 A
64%
2021 - FlorianWirtz Bayer Leverkusen - Liverpool 37 M
64%
2010 - 2015 HolgerBadstuber Bayern Munich - Schalke 04 - Stuttgart - Fc Lucerne 31 D
64%
2016 - JulianBrandt Bayer Leverkusen - Borussia Dortmund 48 M
64%
2016 - 2022 JulianWeigl 1860 Munich - Borussia Dortmund - Benfica - Borussia Monchengladbach - Al Qadsiah 6 M
64%
2014 - 2016 KarimBellarabi Eintracht Braunschweig - Bayer Leverkusen 11 A
64%
2014 - 2021 MaximilianArnold Wolfsburg 3 M
64%
2024 - OliverBaumann Fribourg - Hoffenheim 10 G
64%
2020 - RobinGosens Fc Dordrecht - Heracles Almelo - Atalanta - Inter - Union Berlin - Fiorentina 24 D/M
64%
2007 - 2010 StefanKiessling Nuremberg - Bayer Leverkusen 6 A
64%
2024 - AleksandarPavlovic Bayern Munich 9 M
55%
2016 - 2021 BerndLeno Stuttgart - Bayer Leverkusen - Arsenal - Fulham 9 G
55%
2023 - FelixNmecha Manchester City - Wolfsburg - Borussia Dortmund 6 M
55%
2014 - 2019 JonasHector Cologne 43 D
55%
2021 - KarimAdeyemi Fc Liefering - Fb Salzbourg - Borussia Dortmund 11 A
55%
2014 - 2021 KevinVolland 1860 Munich - Hoffenheim - Bayer Leverkusen - Monaco - Union Berlin - 1860 Munich 15 A
55%
2021 - 2022 LukasNmecha Manchester City - Preston - Wolfsburg - Middlesbrough - Anderlecht - Wolfsburg 7 A
55%
2010 - 2014 MarcelSchmelzer Borussia Dortmund 16 D
55%
2024 - MaximilianMittelstadt Herta Berlin - Stuttgart 15 D
55%
2023 - RobertAndrich Herta Berlin 2 - Dynamo Dresden - Sv Wehen Wiesbaden - Heidebheim - Union Berlin - Bayer Leverkusen 19 M
55%
2013 - 2015 RomanWeidenfeller Fc Kaiserlsautern - Borussia Dortmund 5 G
55%
2017 - 2018 SandroWagner Bayern Munich - Msv Duisbirg - Werder Breme - Fc Kaiserslautern - Herta Berlin - Darmstadt - Hoffenheim - Bayern Munich - Tj Teda 8 A
55%
2014 - 2019 Sebastian Rudy Stuttgart - Hoffenheim - Bayern Munich - Schalke 04 - Hoffenheim - Dilsberg 29 M
55%
2014 - 2017 ShkodranMustafi Sampdoria - Valence - Arsenal - Schalke 04 - Levante 20 D
55%
2025 - YannBisseck Cologne - Holstein Kiel - Roda Jc - Aarhus - Inter 1 D
55%
2022 - 2022 YoussoufaMoukoko Borussia Dortmund - Ogc NIce - Copenhague 2 A
55%
2022 - 2022 ArmelBella - Kotchap Bochum - Southampton - Psv - Southampton - Hellas Verona 2 D
45%
2009 - 2012 Cacau Nuremberg - Stuttgart - Cerezo Osaka - Stuttgart 2 23 A
45%
2014 - 2023 ChristianGunter Fribourg 8 D
45%
2004 - 2010 ChristianSchulz Werder Breme - Hannover - Sturm Graz - Hannover 2 4 D
45%
2017 - 2017 DiegoDemme Arminia Bielefeld - Paderborn - Rb Leipzig - Napoli - Herta Berlin 1 M
45%
2011 - 2014 Lars Bender 1860 Munich - Bayer Leverkusen - Brannenburg 19 M
45%
2017 - 2018 Lars Stindl Karslruhe - Hannover - Borussia Monchengladbach - Karslruhe 11 M
45%
2019 - 2023 LukasKlostermann Bochum - Rb Leipzig 22 D
45%
2020 - 2020 MahmoudDahoud Borussia Monchengladbach - Borussia Dortmund - Brighton - Stuttgart - Eintracht Frankfurt - 2 M
45%
2014 - 2023 MatthiasGinter Fribourg - Borussia Dortmund - Borussia Monchengladbach - Fribourg 51 D
45%
2024 - MaximilianBeier Hoffenheim - Hannover - Hoffenheim - Borussia Dortmund 7 A
45%
2018 - 2020 NicoSchulz Herta Berlin - Borussia Monchengladbach - Hoffenheim - Borussia Dortmund - Ankaragucu 12 D
45%
2023 - PascalGross Hoffenheim 2 - Karslruhe - Fc Ingolstadt - Brighton - Borussia Dortmund 16 M
45%
2011 - 2013 Sven Bender 1860 Munich - Borussia Dortmund - Bayer Leverkusen - Brannenburg 7 M
45%
2024 - WaldemarAnton Hannover - Stuttgart - Borussia Dortmund 12 D
45%
2014 - 2016 ChristophKramer Bochum - Borussia Monchengladbach - Bayer Leverkusen - Borussia Monchengladbach 12 M
36%
2014 - 2015 ErikDurm Borussia Dortmund - Huddersfield - Eintracht Frankfurt - Fc Kaiserlsautern - Sg Rieschweiler 7 D
36%
2020 - 2022 FlorianNeuhaus 1860 Munich - Fortuna Dusseldorf - Borussia Monchengladbach 10 M
36%
2000 - 2010 Hans JorgButt Oldenburg - Hambourg - Bayer Leverkusen - Benfica - Bayern Munich 4 G
36%
2024 - JamieLeweling Greuther Furth - Union Berlin - Stuttgart 4 A
36%
2020 - 2023 JonasHofmann Borussia Dortmund - Mayence - Borussia Dortmund - Borussia Monchengladbach - Bayer Leverkusen 23 M
36%
2010 - 2014 KevinGrosskreutz Rot Weiss Ahlen - Borussia Dortmund - Galatasaray - Stuttgart - Darmstadt - Kfc Uerdingen - Bovinghausen - Wacker Castrop 6 D
36%
2023 - KevinSchade Fribourg - Brentford 5 A
36%
2017 - 2021 MarcelHalstenberg Hannover 2 - Borussia Dortmund 2 - Saint Pauli - Rb Leipzig - Hannover 9 D
36%
2008 - 2010 MarkoMarin Borussia Monchengladbach - Werder Breme - Chelsea - Fc Seville - Fiorentina - Anderlecht - Trabzonspor - Olympiakos - Etoile Rouge de Belgrade - Al Ahli - Al Raed - Ferencvaros 16 M
36%
2014 - 2016 MaxMeyer Schalke 04 - Crystal Palace - Cologne - Fenerbahce - Midtjylland - Fc Lucerne - Apoel 4 M
36%
2015 - 2015 PatrickHerrmann Borussia Monchengladbach 2 A
36%
2008 - 2013 René Adler Bayer Leverkusen - Hambourg - Mayence 12 G
36%
2019 - RobinKoch Eintracht Trier - Fc Kaiserslautern - Fribourg - Leeds - Eintracht Frankfurt 15 D
36%
2008 - 2012 TimWiese Fortuna Koln - Fc Kaiserslautern - Werder Breme - Hoffenheim 6 G
36%
2009 - 2013 AaronHunt Werder Breme - Wolfsburg - Hambourg 3 M
27%
2017 - 2021 AminYounes Borussia Monchengladbach - Fc Kaiserslautern - Ajax - Napoli - Eintracht Frankfurt - Al Ettifaq - Fc Utrecht - Schalke 04 8 M
27%
2024 - AngeloStiller Bayern Munich 2 - Hoffenheim - Stuttgart 5 M
27%
2022 - 2022 AntonStach Ssv Jeddeloh 2 - Wolfsburg 2 - Greuther Furth - Mzyence - Hoffenheim 2 M
27%
2002 - 2011 ArneFriedrich Sc Verl - Arminia Bielefeld - Herta Berlin - Wolfsburg - Chicago Fire 82 D
27%
2025 - AssanOuédraogo Schalke 04 - Rb Leipzig 1 M
27%
2010 - 2013 DennisAogo Fribourg - Hambourg - Schalke 04 - Stuttgart - Hannover 12 D
27%
2017 - 2017 KeremDemirbay Borussia Dortmund 2 - Hambourg - Fc Kaiserslautern - Fortuna Dusseldorf - Hoffenheim - Bayer Leverkusen - Galatasaray 2 M
27%
2010 - 2012 LewisHoltby Alemania Aachen - Schalke 04 - Bochum - Mayence - Schalke 04 - Tottenham - Fulham - Hambourg - Blackburn - Holstein Kiel 3 M
27%
2008 - 2010 MarcelSchafer 1860 Munich - Wolfsburg - Tampa Bay Rowdies 8 D
27%
2023 - 2023 MariusWolf 1860 Munich - Hnanover - Eintracht Frankfurt - Borussia Dortmund - Herta Berlin - Cologne - Borussia Dortmund - Fc Augsburg 5 D
27%
2013 - 2015 MaxKruse Fc Saint Pauli - Fribourg - Borussia Monchengladbach - Wolfsburg - Werder Breme - Fenerbahce - Union Berlin - Wolfsburg - Paderborn 14 A
27%
2019 - NadiemAmiri Hoffenheim - Bayer Leverkusen - Genoa - Bayer Leverkusen - Mayence 9 M
27%
2025 - NathanielBrown Nuremberg - Eintracht Frankfurt 2 D
27%
2025 - NnamdiCollins Borussia Dortmund 2 - Eintracht Frankfurt 1 D
27%
2020 - 2021 PhilippMax Schalke 04 2 - Karlsruhe - Augsburg - Psv - Eintracht Frankfurt - Panatinhaikos 3 D
27%
2006 - 2010 PiotrTrochowski Bayern Munich -Hambourg - Fc Seville - Augsburg - Hambourg 3 35 M
27%
2013 - 2014 SidneySam Hambourg - Fc Kaiserlsautern - Bayer Leverkusen - Schalke 04 - Darmstadt - Bochm - Scr Altach - Antalyaspor 5 A
27%
2007 - 2012 Simon Rolfes Reutlingen - Alem Aachen - Bayer Leverkusen 26 M
27%
2024 - TimKleindienst Fc Energie Cottbus - Fribourg - Heidenheim - Fribourg - Heidenheim - La Gantoise - Heidenheim - Borussia Monchengladbach 6 A
27%
2025 - TomBischof Hoffenheim - Bayern Munich 1 M
27%
2009 - 2010 Andreas Beck Stuttgart - Hoffenheim - Besiktas - Stuttgart - Kas Eupen 9 D
18%
2023 - ChrisFuhrich Cologne - Borussia Dortmund 2 - Paderborn - Stuttgart 8 A
18%
2024 - Jonathan Burkardt Mayence - Eintracht Frankfurt 5 A
18%
2023 - 2023 JoshaVagnoman Hambourg - Stuttgart 1 D
18%
2005 - 2014 MarcellJansen Borussia Monchengladbach - Bayern Munich - Hambourg 45 D
18%
2018 - 2018 MarkUth Cologne 2 - Heerenveen - Heracles Almelo - Heerenveen - Hoffenheim - Schalke 04 - Cologne - Schalke 04 - Cologne 1 A
18%
2023 - 2023 MarvinDucksch Borussia Dortmund - Paderborn - Borussia Dortmund 2 - Saint Pauli - Holstein Kiel - Fortuna Dusseldorf - Hannover - Werder Breme 2 A
18%
2017 - 2018 MarvinPlattenhardt Nuremberg - Herta Berlin 7 D
18%
2023 - 2023 MergimBerisha Fc Liefering - Lask Linz - Magdeburg - Scr Altach - Rb Salzbourg - Fenerbahce - Augsburg - Hoffenheim - Augsburg - Hoffenheim 2 A
18%
2019 - 2020 NiklasStark Nuremberg - Herta Berlin - Werder Breme 2 D
18%
2018 - 2018 NilsPetersen Fc Carl Zeiss Jena - Fc Energie Cottbus - Bayern Munich - Werder Breme - Fribourg - 2 A
18%
2013 - 2013 PhilippWollscheid Rw Hasborn - Saarbrucken - Nuremberg - Bayer Leverkusen - Mayence - Stoke City - Wolfsburg - Fc Metz 2 D
18%
2020 - RidleBaku Mayence - Wolfsburg - Rb Leipzig 8 D/M
18%
2012 - 2013 Roman Neustadter Mayence - Borussia Monchengladbach - Schalke 04 - Fenerbahce - Dynamo Moscou - Kvc Westerloo 2 D
18%
2011 - 2015 Ron - RobertZieler Northampton - Manchester United B - Hannover - Leicester City - Stuttgart - Hannover - Cologne - Hannover 6 G
18%
2014 - 2014 SebastianJung Eintracht Frankfurt - Wolfsburg - Hannover - Karlsruher 1 D
18%
2008 - 2010 SerdarTasci Stuttgart - Spartak Moscou - Bayern Munich - Spartak Moscou - Istanbul Basaksehir 14 D
18%
2010 - 2013 Stefan Reinartz Bayer Leverkusen - Nuremberg - Bayer Leverkusen - Eintracht Frankfurt 3 M
18%
2004 - 2010 ThomasHitzlsperger Fc Chesterfield - Aston Villa - Stuttgart - Lazio - Wolfsburg - West Ham - Everton 52 M
18%
2016 - 2016 YannickGerhardt Cologne - Wolfsburg 1 M
18%
2014 - 2014 AndreHahn Hambourg 2 - Fc Oberneuland - Tus Koblenz - K Offenbach - Fc Augsburg - Borussia Monchengladbach - Hambourg - Fc Augsburg 1 A
9%
2009 - 2011 ChristianTrasch 1860 Munich - Stuttgart - Wolfsburg - Ingolstadt - Al Wasl 10 M
9%
2008 - 2013 HeikoWestermann Greuther Furth - Arminia Bielefeld - Schalke 04 - Hambourg - Betis - Ajax - Austria Vienne 27 D
9%
2023 - 2023 KevinBehrens Werder Breme 3 - Wihelmshaven - Hannover 2 - Alemannia Aachen - Rot Weiss Essen - Saarbrucken - Sv Sandhausen - Union Berlin - Wolfsburg 1 A
9%
2019 - 2020 LucaWaldschmidt Eintracht Frankfurt - Hambourg - Fribourg - Benfica - Wolfsburg - Cologne 7 A
9%
2014 - 2014 OliverSorg Fribourg - Hannover - Nuremberg - Radolfzell 1 D
9%
2007 - 2010 PatrickHelmes Sportfreunde Siegen - Cologne - Bayer Leverkusen - Wolfsburg - Cologne 13 A
9%
2010 - 2010 SaschaRiether Fribourg - Wolfsburg - Cologne - Fulham - Fribourg - Schalke 04 2 D
9%
2019 - 2020 SuatSerdar Mayence - Schalke 04 - Herta Berlin - Hellas Verone 4 M
9%
2009 - 2010 ChristianGentner Stuttgart - Wolfsburg - Stuttgart - Union Berlin - Fc Lucerne 5 M
0%
Aucun quiz correspondant
Distribution des résultats
% des personnes avec chaque résultat
Percentile par nombre de réponses
Votre historique - résultats
Vous n’avez pas pris ce quiz depuis la dernière actualisation